000 00637nam a22002177a 4500
003 UA-OsUOA
001 117486
007 ta
008 20160525b un ||||| |||| 00| 0 ukr d
100 _aДзюблюк О.
090 _a330(477)
_bД43
942 _cSA
040 _aUA-OsUOA
_bukr
_cUA-OsUOA
_dUA-OsUOA
245 _aАктуальні проблеми розвитку банківської системи України
300 _aС.3-33
955 _a0
041 _aukr
080 _a330(477)
773 0 _w117485
_tБанківська справа
_dК.
_d2016
_g1
650 7 _a330 Економіка взагалі
_2UDC
999 _c403514
_d403514